000 00621nam a2200193Ia 4500
003 GCL
005 20240530105608.0
008 140319s9999 xx 000 0 ara d
040 _aGCL /
_cGCL
082 0 4 _aط
_b813.02
_bج ق
100 1 _aجماعة من رجال التعليم
245 1 0 _aقصتى: مجموعة قصص الاطفال /
_cجماعة من رجال التعليم
260 _aالقاهرة:
_bدار المعارف للطباعة والنشر ،
_c1988
300 _aمتعدد
650 0 4 _aالقصص القصيرة
650 0 4 _aالاطفال
650 0 4 _aالقصص
942 _2ddc
_cBK
999 _c56826
_d56826